000 02376nam a2200457 c 4500
999 _c407515
_d407515
003 BLK
005 20210623100518.0
008 180408b bul|||||r ||||||| ||bul||
010 _aKNG00090155000
040 _aBLK
041 _aBUL
_cBUL
080 _b550.46
_z550.46
100 _aВалтер, Драгутин Карл
_eпърви автор
_91299
139 _aВалтер, Драгутин Карл
245 _aСветът в капка вода
_cДрагутин Карл Валтер.
260 _bпеч. М. Х. Костов
_c1889
_9212907
_aРусе
300 _a47 с.
_bс ил.
_c20 см
380 _a5
490 _9435080
_aКолекция Редки и ценни издания
650 7 _aВода
_9150949
653 _aводолечение
653 _aвода
852 _aРб 889
_bРц
856 4 _qpdf
856 4 _qpdf
942 _cKNG
_n0
_s1
944 _aCR
_c2021-04-12
_kВ. Т.
999 _d407515